Statistics for Ingredients in a Snickers Bar

Click here to take the quiz!

General Stats

  • This quiz has been taken 62 times
  • The average score is 6 of 10

Answer Stats

HintAnswer% Correct
____ ChocolateMilk
97%
Comic by Charles SchulzPeanuts
73%
Palm ___Oil
71%
Maroon 5 songSugar
63%
___ WhitesEgg
61%
Some people are "this" intolerantLactose
59%
Corn _____Syrup
56%
____ MilkSkim
39%
__________ FlavorArtificial
29%
Allegedly poured all over CarthageSalt
24%

Score Distribution

Percentile by Number Answered

Percent of People with Each Score

Your Score History

You have not taken this quiz